Bristol City Biggest Transfers - Statistics

General Stats
  • This quiz has been taken 37 times
  • The average score is 31 of 54
Answer Stats
% Correct
Outgoings England CM Alex Scott 23/24 Bournemouth
100%
Outgoings Ghana ST Antoine Semenyo 22/23 Bournemouth
97%
Incomings Bermuda ST Nahki Wells 19/20 Burnley
97%
Incomings Czech Republic CB Tomas Kalas 19/20 Chelsea
97%
Incomings England CB Adam Webster 18/19 Ipswich Town
93%
Outgoings England CB Adam Webster 19/20 Brighton & Hove Albion
93%
Incomings France DM Han-Noah Massengo 19/20 Monaco
90%
Incomings Austria AM Andreas Weimann 18/19 Derby County
87%
Outgoings England CM Josh Brownhill 19/20 Burnley
87%
Outgoings Jamaica AM Bobby Decordova-Reid 18/19 Cardiff City
83%
Incomings Ireland CM Jason Knight 23/24 Derby County
83%
Incomings England LB Jay Dasilva 19/20 Chelsea
83%
Outgoings England CB Lloyd Kelly 19/20 Bournemouth
83%
Incomings England GK Daniel Bentley 19/20 Brentford
80%
Outgoings England LB Joe Bryan 18/19 Fulham
80%
Incomings Jamaica AM Kasey Palmer 19/20 Chelsea
80%
Incomings Hungary DM Adam Nagy 19/20 Bologna
77%
Incomings Senegal ST Famara Diedhiou 17/18 Angers
77%
Incomings England CB Nathan Baker 17/18 Aston Villa
77%
Incomings Sweden RM Niclas Eliasson 17/18 Norrkoping
73%
Outgoings Sweden RM Niclas Eliasson 20/21 Nimes
73%
Outgoings England CB Aden Flint 18/19 Middlesbrough
70%
Incomings Iceland CB Hordur Magnusson 16/17 Juventus
67%
Outgoings Iceland CB Hordur Magnusson 18/19 CSKA Moscow
67%
Incomings Ivory Coast ST Jonathan Kodjia 15/16 Angers
67%
Outgoings Ivory Coast ST Jonathan Kodjia 16/17 Aston Villa
67%
Incomings England CB Rob Atkinson 21/22 Oxford United
63%
Incomings Scotland DM Ross McCrorie 23/24 Aberdeen
63%
Incomings England RB Jack Hunt 18/19 Sheffield Wednesday
60%
Incomings England ST Andy Cole 91/92 Arsenal
57%
Outgoings England ST Andy Cole 92/93 Newcastle United
57%
Incomings England SS Lee Tomlin 16/17 Bournemouth
53%
Outgoings England SS Lee Tomlin 17/18 Cardiff City
53%
Incomings Ireland LW Callum O'Dowda 16/17 Oxford United
50%
Incomings Sudan ST Mo Eisa 18/19 Cheltenham Town
50%
Incomings Bosnia ST Milan Djuric 16/17 Cesena
43%
Incomings Wales RW Marley Watkins 18/19 Norwich City
40%
Incomings England ST Nicky Maynard 08/09 Crewe Alexandra
37%
Outgoings England ST Nicky Maynard 11/12 West Ham United
37%
Incomings Sweden ST Gustav Engvall 16/17 Goteborg
33%
Incomings England CM Liam Walsh 17/18 Everton
33%
Outgoings Ireland AM Sammie Szmodics 20/21 Peterborough United
33%
Incomings England ST Lee Trundle 07/08 Swansea City
30%
Incomings England CB Taylor Moore 16/17 Lens
30%
Incomings Nigeria ST Ade Akinbiyi 98/99 Gillingham
27%
Outgoings Nigeria ST Ade Akinbiyi 99/00 Wolverhampton Wanderers
27%
Incomings England ST Sam Baldock 12/13 West Ham United
27%
Outgoings England ST Sam Baldock 14/15 Brighton & Hove Albion
27%
Outgoings England ST Leroy Lita 05/06 Reading
20%
Outgoings Wales RW David Cotterill 06/07 Wigan Athletic
17%
Outgoings Australia AM Nick Carle 08/09 Crystal Palace
17%
Outgoings Canada LM Jim Brennan 99/00 Nottingham Forest
13%
Incomings England ST Tony Thorpe 98/99 Fulham
10%
Incomings Slovakia ST Peter Styvar 08/09 Zilina
7%
No matching quizzes found
Score Distribution
Percent of People with Each Score
Percentile by Number Answered
Your Score History
You have not taken this quiz